Japanese foods that heal.
| Main Author: | |
|---|---|
| Format: | Book |
| Published: |
Tokyo:
Tuttle Publishing,
2007.
|
| Subjects: |
| LEADER | 00465cam a2200169 7i4500 | ||
|---|---|---|---|
| 001 | 0000021064 | ||
| 005 | 20080409090000.0 | ||
| 020 | 0 | 0 | |a 978-0-8048-3594-7 |
| 090 | 0 | 0 | |a JAPN 641.5630952 |b BEL |
| 100 | 1 | 0 | |a Belleme |
| 245 | 1 | 0 | |a Japanese foods that heal. |
| 260 | 0 | 0 | |a Tokyo: |b Tuttle Publishing, |c 2007. |
| 300 | # | # | |a 224 p. |
| 650 | 0 | 0 | |a Diet therapy -- |z Japan |
| 650 | 0 | 0 | |a Cookery,Japanese |
| 651 | 0 | 0 | |a Japan |
| 999 | |a 0000022067 |b Book |c Countries |e Business Information Centre | ||


